Quizzes
Events
Quiz Creation
Community
Videos
Private Events
Remove Ads
Sign In
Join for FREE
Feedback
Dark Mode
Quiz Categories
Sports
Geography
Music
Movies
Television
Just For Fun
Miscellaneous
History
Literature
Language
Science
Gaming
Entertainment
Religion
Holiday
For Kids
Quiz Lab
Recent
Popular Today
Quiz Kudos Today
Editor Picks
Curator Picks
Quizzes by...
Day
Popularity
Type
Ratings
Length
Year
Community
Subscriptions
Recent Discussions
Orange Saloon
Badges
Playlists
Quests
Create
Leaderboards
Showdown
Live 5
Trivia Bingo
Activity
Puzzle Library
Sporcle Events
Private Events
Virtual Trivia
Globe League
Become a Host
Pub Owners
SporcleCon
Opinionation
Our Games
Videos
Blog
Mobile Apps
Partnerships
Remove Ads and Go Orange
Feedback
Movies
Disney
Marvel Cinematic Universe
Movie Resume
Movie Titles
Oscar
Actor
Actress
Director
Pixar
Role
Movie Quotes
Movie Characters
Box Office
Nominee
Best Picture
Star Wars
James Bond
Horror Movies
Movies
Disney
Marvel Cinematic Universe
Movie Resume
Movie Titles
Oscar
Actor
Actress
Director
Pixar
Role
Movie Quotes
Movie Characters
Box Office
Nominee
Best Picture
Star Wars
James Bond
Horror Movies
Random Quiz
Search Sporcle
×
Quiz Lab
Quiz Lab
Movies
Actress
Select answers by clicking on text or image buttons
Select answers by clicking on text or image buttons
Clickable
Best Score? Go Orange.
Actress Name Match-up Stats
Can you match the Actress Name Match-up?
By
jordy_
10m
100 Questions
393 Plays
393 Plays
393 Plays
Comments
Comments
Give Quiz Kudos
Give Quiz Kudos
-
- Ratings
hide this ad
More Info
Replay
Link that replays current quiz
Next Quiz
Link to next quiz in quiz playlist
You Got
0%
They Got
Avg Score
85%
Avg Friend Score
Upgrade to see
Score Distribution
Jump to the score distribution portion of the page
Score
0/100
Timer
10:00
0
Plays Today
% Correct
Courteney
95.2%
Angelina
95.2%
Cameron
94.9%
Miley
94.9%
Drew
94.4%
Sandra
94.4%
Queen
94.1%
Uma
93.9%
Jennifer
93.6%
Scarlett
93.6%
Gwyneth
93.6%
Reese
93.6%
Halle
93.4%
Sarah Jessica
93.4%
Goldie
93.4%
Lindsay
93.1%
Mary-Kate
93.1%
Natalie
93.1%
Meryl
93.1%
Penelope
92.9%
Nicole
92.9%
Lisa
92.9%
Michelle
92.9%
Winona
92.9%
Selena
92.9%
Dakota
92.6%
Whoopi
92.6%
Sigourney
92.6%
Renée
92.6%
Salma
92.4%
Lucy
91.9%
Mila
91.9%
Keira
91.6%
Jessica
91.3%
% Correct
Christina
91.3%
Cate
91.1%
Carmen
91.1%
Eva
91.1%
Demi
91.1%
Anne
91.1%
Kim
90.8%
Hilary
90.8%
Kirsten
90.8%
Jodie
90.8%
Charlize
90.8%
Katie
90.6%
Susan
90.6%
Zooey
89.8%
Naomi
89.6%
Emily
89.3%
Sarah Michelle
89.3%
Glenn
89.1%
Sharon
89.1%
Liv
89.1%
Julia
88.5%
Tori
88.5%
Diane
88.5%
Kate
88.3%
Meg
88%
Alicia
88%
Megan
87.8%
Tina
87.5%
Katherine
87.5%
Helen
87.3%
Catherine
87.3%
Minnie
87%
Blake
86.8%
Sally
86.8%
% Correct
Brooke
86.3%
Teri
85.2%
Rachel
84.7%
Helena
84.7%
Elizabeth
83.7%
Emma
83.5%
Marisa
83.5%
Joan
82.2%
Heather
82.2%
Alyssa
82.2%
Tara
82.2%
Holly
81.7%
Amy
81.4%
Brittany
79.4%
Vanessa
79.1%
Amanda
79.1%
Kristen
77.9%
Denise
77.9%
Zoe
75.3%
Rosario
74.6%
Anna
73.8%
Tiffani-Amber
73%
Elisha
72.8%
Gillian
71.5%
Alyson
70%
Julliane
67.4%
Famke
63.1%
Monica
61.6%
Drea
56.5%
Jordana
55.2%
Rose
54.7%
Aly
35.1%
Quiz Playlist
Details
Report
Send in Message
Add To Playlist
More Info:
Warning: Some first names match more than one surname. Pick the names with just one option first.
Clickable:
Select answers by clicking on text or image buttons
Last Updated: Feb 16, 2017
Quiz Scoreboard
CHALLENGE
Sign Up to Join the Scoreboard
Show All
Scores
Hide
Comments
May contain spoilers
Recently Published
1-10 Letter E Words III
by El_Dandy
Language
2m
One Thing in Common: World Cities II
by knightlancer
Geography
7m
Popular People in 1961
by mucciniale
History
6m
More to Explore
Quiz From the Vault
Featured Blog Post
Where Did the Easter Bunny Come From?
hide this ad
You Might Also Like...
Tags
Actress Quiz
Clickable Quiz
Today's Top Quizzes in Movies
Browse Movies
hide this ad
Today's Top Quizzes in Actress
Browse Actress
Top Contributed Quizzes in Movies
1
Multi-Oscar Nominations, One Movie, One Winner
2
12 Movies about Fictional 1960s Events
3
One Thing in Common: Movies
4
Three Word 'T' Movies Match Up
5
Three Word 'H' Movies Match Up
6
Three Word 'M' Movies Match Up
7
Three Word 'L' Movies Match Up
8
Three Word 'R' Movies Match Up
9
Three Word 'S' Movies Match Up
10
Three Word 'U' & 'V' Movies Match Up
Explore More
Trending Topics
Anime
Marvel
Kpop
Crossword
Disney
Harry Potter
NBA
Song
Soccer
Puzzle
Country
Pokémon
The Office
WWE
NFL
hide this ad
More By:
jordy_
Quiz
Plays
Rating
Category
Featured
Created
Dutch Eredivisie Champions XI's
10,099
4.69
Sports
Feb 15, 2013
100 Soccer Legends of the 00's
8,147
4.05
Sports
Jun 25, 2012
Premier League: Club topscorer by year
5,771
5.00
Sports
Jan 24, 2019
Eredivisie Yes or No?
5,706
4.86
Sports
Nov 4, 2013
100 Soccer Legends of the 90's
4,511
4.00
Sports
Jun 25, 2012
Go to Creator's Profile
Score Distribution
Quiz Creator Spotlight
jordy_
Follow
Send a Message
Quizzes Created
-
Created Quiz Play Count
-
More By This Creator
Popular Quizzes Today
1
Find the US States - No Outlines Minefield
2
The Countries of the World
3
Popular People in 1961
4
Find the Countries of Europe - No Outlines Minefield
5
1-10 Letter E Words III
6
Find the US States
7
One Thing in Common: World Cities II
8
US States
More Movies Quizzes
Amazon Movie Reviews X
Published
Trending Quizzes
1-10 Letter F Words
1-10 Letter G Words
Risky Map Clicking: Next State Alphabetically
1-10 Letter F Words II
Risky Map Clicking: States by Unique Starting Letters
Recently Updated
Leaping Animals
pecheneg
Reality TV Shows (A-Z)
bhenderson79
Rickey Henderson's Hall of Fame Teammates
pecheneg
Champions League XIs: Arsenal
pecheneg
Quick Pick: Celebrities in WWE's Hall of Fame
aduchscher
A-Z Keypad Blitz II
pecheneg
Multiple Oscar Actors
pecheneg
Mystery Phrase Blitz: Oscar 'Best Actors'
pecheneg
F. Scott Fitzgerald Novels
LTH
Pick 3 Villains
ddd62291
Trending Topics
Anime
Crossword
NBA
Disney
Harry Potter
Kpop
Marvel
Puzzle
Song
Pokémon
WWE
The Office
Country
Soccer
NFL
Your Account Isn't Verified!
In order to create a playlist on Sporcle, you need to verify the email address you used during registration. Go to your
Sporcle Settings
to finish the process.
Report this User
Report this user for behavior that violates our
Community Guidelines
.
Details:
Send Report
Go to the Sporcle.com Mobile Site →
Comments